| 000 | 00693cam a2200253 4500500 | ||
|---|---|---|---|
| 005 | 20260405003610.0 | ||
| 041 | _afre | ||
| 042 | _adc | ||
| 100 | 1 | 0 |
_aMorel, François _eauthor |
| 245 | 0 | 0 | _aConseil n° 23 : ne boycottons pas la bière |
| 260 | _c2022. | ||
| 500 | _a99 | ||
| 690 | _aBière | ||
| 690 | _aBoycott | ||
| 690 | _aFootball | ||
| 690 | _aFrançois Morel | ||
| 690 | _aHumour | ||
| 690 | _aMort | ||
| 690 | _aOuvrier | ||
| 690 | _aQatar | ||
| 690 | _aRire | ||
| 786 | 0 | _nPhilosophie magazine | 164 | 11 | 2022-11-01 | p. 77-77 | 1951-1787 | |
| 856 | 4 | 1 | _uhttps://shs.cairn.info/magazine-philosophie-magazine-2022-11-page-77?lang=fr&redirect-ssocas=7080 |
| 999 |
_c2069131 _d2069131 |
||